| 000 | 00470nam a2200181Ia 4500 | ||
|---|---|---|---|
| 003 | GCL | ||
| 008 | 140319s9999 xx 000 0 eng d | ||
| 040 |
_aGCL / _cGCL |
||
| 082 | 0 | 4 |
_a792.026 _bR S |
| 100 | 1 | _aREID, FRANCISE | |
| 245 | 1 | 0 |
_aTHE STAGE LIGHTING HANDBOOK / _cREID, FRANCISE |
| 260 |
_a[S.N] : _bA AND C BLACK LIMITED ، _c1996 |
||
| 300 | _a221 P | ||
| 650 | 0 | 4 | _aLIGHTING - HANDBOOK |
| 650 | 0 | 4 | _aTHEATER |
| 650 | 0 | 4 | _aSTAGE LIGHTING |
| 942 |
_2ddc _cBK |
||
| 999 |
_c15808 _d15808 |
||